Science Quiz

Random Science or Biology Quiz

IGCSE Biology Definitions Quiz Stats

 Plays Quiz not verified by Sporcle

Challenge
Share
Tweet
Embed
Score 0/11 Timer 05:00
0 Plays Today
Definition Key Term % Correct
A structure made up of groups of tissues, working together to perform body functionsOrgan
95.4%
The net movement of molecules from a region of their higher concentration to a region of their lower concentration down a concentration gradient, as a result of random movementDiffusion
94.9%
The diffusion of water molecules from a region of their higher concentration to a region of their lower concentration through a partially permeable membraneOsmosis
92.2%
Protein that functions as a biological catalystEnzyme
86.6%
Process by which plants manufacture carbohydrates from raw materialsPhotosynthesis
86.3%
Movement of ions in or out of a cell through a membrane, from a region of their lower concentration to a region of their higher concentration, using energy from respirationActive Transport
81%
Chemical reactions that break down nutrient molecules in living cells to release energyRespiration
80.3%
The release of a relatively large amount of energy in cells by the breakdown of food substances in the presence of oxygenAerobic Respiration
71.6%
The release of a relatively small amount of energy by the breakdown of food substances in the absence of oxygenAnaerobic Respiration
71.4%
A system in which the scientific name of an organism is made up of two parts showing the genus and speciesBinomial System
42.3%
Something present in the environment in such short supply that it restricts life processesLimiting Factor
41.8%

You're not logged in!

Compare scores with friends on all Sporcle quizzes.
Join for Free
OR
Log In

You Might Also Like...

Show Comments

Extras

Top Quizzes Today


Score Distribution

Your Account Isn't Verified!

In order to create a playlist on Sporcle, you need to verify the email address you used during registration. Go to your Sporcle Settings to finish the process.

Report this User

Report this user for behavior that violates our Community Guidelines.

Details: